Un año para la esperanza : (Record no. 187238)

MARC details
000 -LEADER
campo de control de longitud fija 00988nam a2200241 i 4500
001 - NÚMERO DE CONTROL
campo de control 187238
003 - IDENTIFICADOR DE NÚMERO DE CONTROL
campo de control SpMaBN
005 - FECHA Y HORA DE LA ÚLTIMA TRANSACCIÓN
campo de control 20250629063154.0
008 - DATOS DE LONGITUD FIJA--INFORMACIÓN GENERAL
campo de control de longitud fija 170517s1983 sp aco |||| |dspa d
020 ## - NÚMERO INTERNACIONAL ESTÁNDAR DEL LIBRO
Número Internacional Estándar del Libro 84-398-0421-0
080 ## - NÚMERO DE LA CLASIFICACIÓN DECIMAL UNIVERSAL
Número de la Clasificación Decimal Universal 32(460)"1982/.."
245 03 - MENCIÓN DEL TÍTULO
Título Un año para la esperanza :
Resto del título [365 días de gobierno socialista] /
Mención de responsabilidad, etc. [Partido Socialista Obrero Español], Equipo de Documentación Política ; [prólogo, Ramón Rubial].
260 ## - PUBLICACIÓN, DISTRIBUCIÓN, ETC.
Lugar de publicación, distribución, etc. [Madrid] :
Nombre del editor, distribuidor, etc. PSOE, Equipo de Documentación Política,
Fecha de publicación, distribución, etc. 1983.
300 ## - DESCRIPCIÓN FÍSICA
Extensión 175 páginas :
Otras características físicas ilustraciones (color y negro) ;
Dimensiones 21 cm.
610 2# - PUNTO DE ACCESO ADICIONAL DE MATERIA--NOMBRE DE ENTIDAD CORPORATIVA
Nombre de entidad corporativa o nombre de jurisdicción como elemento de entrada Partido Socialista Obrero Español.
9 (RLIN) 6155
651 #7 - PUNTO DE ACCESO ADICIONAL DE MATERIA--NOMBRE GEOGRÁFICO
Nombre geográfico España-
Subdivisión general Política y gobierno-
Subdivisión cronológica 1982-1996.
9 (RLIN) 8449
700 1# - ENTRADA AGREGADA--NOMBRE PERSONAL
Nombre de persona Rubial, Ramón.
9 (RLIN) 139660
Término indicativo de función/relación Autor de introducción
710 2# - ENTRADA AGREGADA--NOMBRE DE ENTIDAD CORPORATIVA
Nombre de entidad corporativa o nombre de jurisdicción como elemento de entrada Partido Socialista Obrero Español.
9 (RLIN) 6155
Término indicativo de función/relación entidad responsable
852 ## - LOCALIZACIÓN
Ubicación ES-MaACL
Ubicación en estantería Depósito 2
Donativo/Legado Donativo José Prat
Número de control de estantería L-31593
942 ## - ELEMENTOS DE ENTRADA SECUNDARIOS (KOHA)
Fuente del sistema de clasificación o colocación Clasificación decimal universal
Tipo de ítem Koha Libro impreso
Suprimir en OPAC No
Holdings
Estatus retirado Estado de pérdida Estado de daño No para préstamo Biblioteca de origen Biblioteca actual Ubicación en estantería Fecha de adquisición Fuente de adquisición Total de préstamos Signatura topográfica completa Código de barras Visto por última vez Precio de reemplazo Tipo de ítem Koha
        Biblioteca del Ateneo de Madrid Biblioteca del Ateneo de Madrid Depósito 2 17/05/2017     L-31593 1197588 23/02/2023 23/02/2023 Libro impreso